Countries of Oceania by area - Statistics

General Stats
  • This quiz has been taken 17 times
  • The average score is 12 of 14
Answer Stats
Area (sq km) Answer % Correct
7,692,024 Australia
100%
268,107 New Zealand
93%
462,840 Papua New Guinea
93%
21 Nauru
87%
28,896 Solomon Islands
87%
726 Kiribati
80%
2,842 Samoa
80%
747 Tonga
80%
26 Tuvalu
80%
12,189 Vanuatu
80%
18,272 Fiji
73%
181 Marshall Islands
73%
702 Micronesia
73%
459 Palau
73%
No matching quizzes found
Score Distribution
Percent of People with Each Score
Percentile by Number Answered
Your Score History
You have not taken this quiz